| 000 | 00955nam a2200265 4500 | ||
|---|---|---|---|
| 003 | OSt | ||
| 005 | 20260530113855.0 | ||
| 008 | 260423b1971 sp a|||| |||| 00| 0 spa d | ||
| 040 |
_aICI _bspa _cICI |
||
| 050 |
_aTA455.P6 _bC54 1971 |
||
| 100 | 1 |
_aCierva, Juan de la, _931689 |
|
| 245 | 1 | 3 |
_aLos plásticos en la construcción / _cJuan de la Cierva. |
| 264 | 1 |
_bPatronato de Inv. Científica y Técnica _c1971. _aInstituto Eduardo Torroja de la Construcción y del Cemento, |
|
| 300 |
_a441 páginas _c24cm. |
||
| 336 |
_atexto _2rdacontent |
||
| 337 |
_asin medio _2rdamedia |
||
| 338 |
_avolumen _2rdacarrier |
||
| 500 | _aObra técnica sobre el uso de materiales plásticos en la construcción. | ||
| 650 | 0 |
_aPlásticos en la construcción. _931690 |
|
| 650 | 0 |
_aMateriales de construcción. _931691 |
|
| 650 | 0 |
_aIngeniería civil. _931692 |
|
| 650 | 0 |
_aTecnología de materiales. _931693 |
|
| 650 | 0 |
_aConstrucción. _931694 |
|
| 942 |
_2lcc _cBK _n1 |
||
| 999 |
_c11608 _d11608 |
||